| 000 | 00595nam a22001817a 4500 | ||
|---|---|---|---|
| 003 | OSt | ||
| 008 | 260623b |||||||| |||| 00| 0 eng d | ||
| 020 | _a9789381226551 | ||
| 082 |
_a631.42 _bK11H |
||
| 100 | _aKaleeswari, R.K. | ||
| 245 | _aHandbook Of Soil Fertility / by R.K. Kaleeswari, R. Rageswari and J. Prabharan | ||
| 260 |
_aDelhi : _bSatish Serial Publishing House, _c2013 |
||
| 300 | _avii, 149 p. | ||
| 650 | _aAgriculture and related technologies | Technology (Applied sciences) | Soil Fertility | ||
| 700 | _aPrabhaharan, J | ||
| 700 | _aRajeswari, R | ||
| 942 |
_2ddc _cBK |
||
| 999 |
_c52237 _d52237 |
||